000 00789nam a2200253Ia 4500
003 OSt
005 20221005022510.0
006 a|||||r|||| 00| 0
007 ta
008 221004b |||||||| |||| 00| 0 san d
020 _a8188216585 (hbk)
_c250
024 _a97719
037 _b278, 24/03/2009, Shiv Shakti Book Distributor
_cTextual
040 _aCRL
_cCRL
_bsan
041 _2san
_asan
082 _aO15,2D36,1, 152P7
100 _aSuman Bala
_9537336
245 0 _aMrichhkatika
_b Ek sanskritik adhyan
260 _aAllahabad
_bRaka Prakashan India
_c2007
300 _aviii,247p.
_ccm.
650 _aENGLISH LITERATURE
942 _hO15,2D36,1, 152P7
_cTEXL
_2cc
999 _c929501
_d929501